[Event "European Individual Chess Championship 2017"]
[Site "?"]
[Date "2017.05.31"]
[Round "2.56"]
[White "Minasian, Artashes"]
[Black "Mchedlishvili, Mikheil"]
[Result "1-0"]
[BlackElo "2605"]
[WhiteElo "2480"]
[LiveChessVersion "1.4.8"]

1. e4 {[%clk 1:30:53]} c5 {[%clk 1:30:34]} 2. Nc3 {[%clk 1:31:13]} e6
{[%clk 1:28:26]} 3. f4 {[%clk 1:30:02]} Nc6 {[%clk 1:26:03]} 4. Nf3
{[%clk 1:30:22]} a6 {[%clk 1:25:05]} 5. d4 {[%clk 1:26:20]} cxd4 {[%clk 1:24:55]}
6. Nxd4 {[%clk 1:26:47]} Nxd4 {[%clk 1:24:33]} 7. Qxd4 {[%clk 1:27:12]} b5
{[%clk 1:24:22]} 8. Be3 {[%clk 1:22:39]} Bb7 {[%clk 1:23:55]} 9. O-O-O
{[%clk 1:22:18]} Rc8 {[%clk 1:22:56]} 10. Kb1 {[%clk 1:18:33]} Ne7
{[%clk 1:12:36]} 11. Be2 {[%clk 0:59:42]} Nc6 {[%clk 1:06:18]} 12. Qb6
{[%clk 0:54:04]} Qxb6 {[%clk 1:02:45]} 13. Bxb6 {[%clk 0:54:29]} Bb4
{[%clk 0:59:12]} 14. Rd3 {[%clk 0:46:37]} Ne7 {[%clk 0:56:55]} 15. Rhd1
{[%clk 0:41:57]} Bxc3 {[%clk 0:28:51]} 16. Rxd7 {[%clk 0:39:17]} Bd5
{[%clk 0:28:44]} 17. Rc7 {[%clk 0:36:02]} Rxc7 {[%clk 0:22:58]} 18. Bxc7
{[%clk 0:36:07]} Bb4 {[%clk 0:17:17]} 19. a3 {[%clk 0:29:54]} Bc5
{[%clk 0:11:56]} 20. Bf3 {[%clk 0:27:57]} Kd7 {[%clk 0:09:41]} 21. Be5
{[%clk 0:22:01]} f6 {[%clk 0:09:26]} 22. Bc3 {[%clk 0:22:26]} Kc6
{[%clk 0:07:25]} 23. exd5+ {[%clk 0:22:46]} exd5 {[%clk 0:07:52]} 24. Re1
{[%clk 0:19:24]} Bd6 {[%clk 0:06:51]} 25. g3 {[%clk 0:18:39]} Rd8
{[%clk 0:05:04]} 26. b3 {[%clk 0:13:45]} Kd7 {[%clk 0:04:46]} 27. Kb2
{[%clk 0:11:59]} Rc8 {[%clk 0:05:01]} 28. b4 {[%clk 0:09:13]} Rf8
{[%clk 0:04:12]} 29. Kb3 {[%clk 0:09:17]} Rc8 {[%clk 0:01:48]} 30. Ra1
{[%clk 0:06:35]} Rc4 {[%clk 0:00:39]} 31. a4 {[%clk 0:06:41]} g5 {[%clk 0:00:41]}
32. axb5 {[%clk 0:06:37]} axb5 {[%clk 0:01:10]} 33. Ra7+ {[%clk 0:04:37]} Ke6
{[%clk 0:01:02]} 34. fxg5 {[%clk 0:03:55]} fxg5 {[%clk 0:01:30]} 35. Be2
{[%clk 0:04:04]} Nc6 {[%clk 0:00:35]} 36. Rxh7 {[%clk 0:04:22]} Nd4+
{[%clk 0:00:44]} 37. Bxd4 {[%clk 0:04:46]} Rxd4 {[%clk 0:01:13]} 38. c3
{[%clk 0:05:04]} Rd2 {[%clk 0:01:35]} 39. Rh6+ {[%clk 0:02:00]} Ke7
{[%clk 0:01:09]} 40. Bxb5 {[%clk 0:32:12]} Be5 {[%clk 0:31:29]} 41. Ba6
{[%clk 0:22:40]} Rf2 {[%clk 0:27:11]} 42. Bb7 {[%clk 0:20:55]} Rd2
{[%clk 0:25:32]} 43. Bc8 {[%clk 0:16:09]} Kd8 {[%clk 0:24:13]} 44. Bf5
{[%clk 0:15:43]} Rf2 {[%clk 0:22:55]} 45. Bg4 {[%clk 0:16:03]} Rf7
{[%clk 0:15:42]} 46. Re6 {[%clk 0:14:24]} Re7 {[%clk 0:13:05]} 47. Kc2
{[%clk 0:13:39]} Ke8 {[%clk 0:10:26]} 48. Kd3 {[%clk 0:12:48]} Kf7
{[%clk 0:10:49]} 49. Rc6 {[%clk 0:12:23]} Bf6 {[%clk 0:10:14]} 50. b5
{[%clk 0:10:15]} Rb7 {[%clk 0:08:24]} 51. Rc5 {[%clk 0:10:10]} 1-0

[Event "European Individual Chess Championship 2017"]
[Site "?"]
[Date "2017.05.31"]
[Round "2.57"]
[White "Drozdowski, Kacper"]
[Black "Vocaturo, Daniele"]
[Result "0-1"]
[BlackElo "2604"]
[WhiteElo "2478"]
[LiveChessVersion "1.4.8"]

1. e4 {[%clk 1:30:57]} e6 {[%clk 1:30:21]} 2. d4 {[%clk 1:31:21]} d5
{[%clk 1:30:47]} 3. Nd2 {[%clk 1:31:42]} Be7 {[%clk 1:30:08]} 4. Ngf3
{[%clk 1:32:02]} Nf6 {[%clk 1:29:35]} 5. e5 {[%clk 1:32:24]} Nfd7
{[%clk 1:30:00]} 6. Bd3 {[%clk 1:32:45]} c5 {[%clk 1:29:33]} 7. c3
{[%clk 1:33:07]} Nc6 {[%clk 1:29:04]} 8. O-O {[%clk 1:33:19]} g5 {[%clk 1:28:33]}
9. dxc5 {[%clk 1:31:45]} Ndxe5 {[%clk 1:28:01]} 10. Nxe5 {[%clk 1:15:43]} Nxe5
{[%clk 1:28:20]} 11. Nb3 {[%clk 1:15:14]} Nxd3 {[%clk 1:26:43]} 12. Qxd3
{[%clk 1:15:32]} a5 {[%clk 1:24:51]} 13. f4 {[%clk 1:08:50]} O-O {[%clk 1:24:52]}
14. Qg3 {[%clk 1:02:18]} Qc7 {[%clk 1:00:57]} 15. Be3 {[%clk 0:57:11]} f6
{[%clk 0:57:59]} 16. Rf3 {[%clk 0:41:14]} a4 {[%clk 0:51:57]} 17. Nd4
{[%clk 0:37:58]} Bxc5 {[%clk 0:50:59]} 18. fxg5 {[%clk 0:35:32]} Qxg3
{[%clk 0:47:26]} 19. Rxg3 {[%clk 0:35:47]} Bd6 {[%clk 0:44:04]} 20. Rf3
{[%clk 0:35:50]} fxg5 {[%clk 0:40:36]} 21. Bxg5 {[%clk 0:29:58]} Bd7
{[%clk 0:35:47]} 22. Re1 {[%clk 0:22:41]} e5 {[%clk 0:33:19]} 23. Rxf8+
{[%clk 0:22:32]} Rxf8 {[%clk 0:32:20]} 24. Nf3 {[%clk 0:22:53]} Rf5
{[%clk 0:28:12]} 25. Be3 {[%clk 0:19:11]} Bc6 {[%clk 0:24:57]} 26. Nh4
{[%clk 0:11:05]} Rh5 {[%clk 0:19:59]} 27. Bf2 {[%clk 0:08:35]} d4
{[%clk 0:18:17]} 28. g4 {[%clk 0:06:46]} Rg5 {[%clk 0:18:09]} 29. Nf5
{[%clk 0:05:08]} Rxg4+ {[%clk 0:16:39]} 30. Bg3 {[%clk 0:05:37]} Bf8
{[%clk 0:16:44]} 31. cxd4 {[%clk 0:04:33]} exd4 {[%clk 0:16:12]} 32. Ne7+
{[%clk 0:03:57]} Kf7 {[%clk 0:14:09]} 33. Nxc6 {[%clk 0:04:26]} bxc6
{[%clk 0:14:34]} 34. Kf2 {[%clk 0:04:35]} Bg7 {[%clk 0:11:29]} 35. Rc1
{[%clk 0:02:39]} d3 {[%clk 0:10:39]} 36. Rxc6 {[%clk 0:02:41]} Re4
{[%clk 0:10:44]} 37. Kf3 {[%clk 0:01:02]} d2 {[%clk 0:04:58]} 38. Rd6
{[%clk 0:01:17]} Bd4 {[%clk 0:04:23]} 39. Kxe4 {[%clk 0:01:38]} d1=Q
{[%clk 0:04:48]} 40. Rxd4 {[%clk 0:30:45]} Qe2+ {[%clk 0:32:44]} 41. Kf4
{[%clk 0:16:01]} Qxb2 {[%clk 0:29:54]} 42. Rxa4 {[%clk 0:16:17]} Qd2+
{[%clk 0:26:59]} 43. Ke5 {[%clk 0:14:49]} Qg5+ {[%clk 0:27:20]} 44. Ke4
{[%clk 0:11:12]} Qg4+ {[%clk 0:27:38]} 45. Bf4 {[%clk 0:11:34]} Qe2+
{[%clk 0:27:57]} 0-1

[Event "European Individual Chess Championship 2017"]
[Site "?"]
[Date "2017.05.31"]
[Round "2.58"]
[White "Bosiocic, Marin"]
[Black "Paehtz, Elisabeth"]
[Result "1-0"]
[BlackElo "2474"]
[WhiteElo "2603"]
[LiveChessVersion "1.4.8"]

1. d4 {[%clk 1:30:58]} d5 {[%clk 1:30:54]} 2. c4 {[%clk 1:31:19]} c6
{[%clk 1:31:09]} 3. Nf3 {[%clk 1:31:40]} Nf6 {[%clk 1:31:34]} 4. Nc3
{[%clk 1:32:00]} a6 {[%clk 1:32:00]} 5. g3 {[%clk 1:31:29]} b5 {[%clk 1:30:21]}
6. b3 {[%clk 1:31:06]} Bf5 {[%clk 1:29:45]} 7. Bg2 {[%clk 1:30:38]} e6
{[%clk 1:24:27]} 8. Nh4 Bg4 9. O-O {[%clk 1:30:37]} Be7 {[%clk 1:18:37]} 10. Qd3
{[%clk 1:27:28]} Nbd7 {[%clk 1:11:22]} 11. h3 {[%clk 1:23:06]} Bh5
{[%clk 1:11:45]} 12. g4 {[%clk 1:21:32]} Ng8 {[%clk 0:48:44]} 13. cxd5
{[%clk 1:19:14]} cxd5 {[%clk 0:48:58]} 14. Nf5 {[%clk 1:19:05]} Bg6
{[%clk 0:49:23]} 15. Qf3 {[%clk 1:18:44]} Bxf5 {[%clk 0:44:36]} 16. gxf5
{[%clk 1:18:58]} b4 17. Nxd5 {[%clk 1:08:25]} exd5 {[%clk 0:45:15]} 18. Qxd5
{[%clk 1:08:45]} Rc8 {[%clk 0:41:54]} 19. e4 Ngf6 {[%clk 0:35:42]} 20. Qb7
{[%clk 1:08:56]} O-O {[%clk 0:30:13]} 21. e5 {[%clk 1:05:22]} Nh5
{[%clk 0:28:20]} 22. Be3 {[%clk 0:46:24]} Bg5 {[%clk 0:24:09]} 23. e6
{[%clk 0:36:49]} Bxe3 {[%clk 0:19:20]} 24. fxe3 {[%clk 0:33:53]} Qg5
{[%clk 0:14:13]} 25. exd7 {[%clk 0:27:55]} Qxe3+ {[%clk 0:14:38]} 26. Rf2
{[%clk 0:27:53]} Rb8 {[%clk 0:08:45]} 27. Qf3 {[%clk 0:25:26]} Qxf3
{[%clk 0:08:46]} 28. Bxf3 {[%clk 0:25:49]} Nf6 {[%clk 0:09:14]} 29. Rc1
{[%clk 0:24:08]} Rfd8 {[%clk 0:07:42]} 30. Rc6 {[%clk 0:24:15]} Rxd7
{[%clk 0:07:44]} 31. Rd2 {[%clk 0:24:37]} h6 {[%clk 0:02:44]} 32. Rxa6
{[%clk 0:24:34]} Rbd8 {[%clk 0:02:12]} 33. Ra8 {[%clk 0:24:54]} Rxa8
{[%clk 0:02:22]} 34. Bxa8 {[%clk 0:25:19]} Kf8 {[%clk 0:01:35]} 35. Bc6
{[%clk 0:23:06]} Ra7 {[%clk 0:01:58]} 36. Re2 {[%clk 0:21:24]} Re7
{[%clk 0:01:43]} 37. Kf2 {[%clk 0:21:40]} Rxe2+ {[%clk 0:01:22]} 38. Kxe2
{[%clk 0:22:01]} Ke7 {[%clk 0:01:49]} 39. Kd3 {[%clk 0:19:37]} Kd6
{[%clk 0:01:39]} 40. Bf3 {[%clk 0:48:55]} Nd5 {[%clk 0:31:42]} 41. h4
{[%clk 0:46:53]} Nb6 {[%clk 0:16:57]} 42. Bh5 {[%clk 0:46:34]} Ke7
{[%clk 0:16:57]} 43. Ke4 {[%clk 0:46:30]} Nd7 {[%clk 0:16:50]} 44. Be2
{[%clk 0:45:04]} Kd6 {[%clk 0:15:48]} 45. h5 {[%clk 0:40:49]} Nf6+
{[%clk 0:15:05]} 46. Kd3 {[%clk 0:40:43]} Nd5 {[%clk 0:14:14]} 47. Bf3
{[%clk 0:41:08]} Ne7 {[%clk 0:12:25]} 48. Be4 {[%clk 0:41:27]} Nd5
{[%clk 0:12:50]} 49. Bxd5 {[%clk 0:39:26]} Kxd5 {[%clk 0:13:15]} 50. Ke3
{[%clk 0:39:52]} Kd6 {[%clk 0:12:03]} 51. Ke4 {[%clk 0:40:16]} f6
{[%clk 0:10:59]} 52. Ke3 {[%clk 0:40:42]} Kc6 {[%clk 0:11:21]} 53. Kd2
{[%clk 0:41:06]} Kd6 {[%clk 0:11:38]} 54. Kc2 {[%clk 0:41:32]} Kc6
{[%clk 0:11:17]} 55. Kb2 {[%clk 0:41:17]} Kd5 {[%clk 0:11:39]} 56. a4
{[%clk 0:41:39]} bxa3+ {[%clk 0:08:49]} 57. Kxa3 {[%clk 0:42:01]} Ke4
{[%clk 0:06:34]} 58. b4 {[%clk 0:42:27]} Kxf5 {[%clk 0:06:59]} 59. b5
{[%clk 0:41:56]} Ke6 {[%clk 0:07:18]} 60. b6 {[%clk 0:42:02]} Kd6
{[%clk 0:06:43]} 61. d5 {[%clk 0:42:22]} 1-0

[Event "European Individual Chess Championship 2017"]
[Site "?"]
[Date "2017.05.31"]
[Round "2.59"]
[White "Girya, Olga"]
[Black "Pashikian, Arman"]
[Result "1/2-1/2"]
[BlackElo "2603"]
[WhiteElo "2476"]
[LiveChessVersion "1.4.8"]

1. d4 {[%clk 1:30:57]} Nf6 {[%clk 1:30:07]} 2. c4 {[%clk 1:31:20]} e6
{[%clk 1:30:33]} 3. Nc3 {[%clk 1:31:45]} Bb4 {[%clk 1:30:58]} 4. Qc2
{[%clk 1:32:09]} d5 {[%clk 1:30:41]} 5. cxd5 {[%clk 1:32:29]} exd5
{[%clk 1:27:29]} 6. Bf4 {[%clk 1:32:53]} O-O {[%clk 1:10:26]} 7. e3
{[%clk 1:32:45]} c5 {[%clk 1:00:52]} 8. dxc5 {[%clk 1:33:03]} Nbd7
{[%clk 0:54:19]} 9. Bd3 {[%clk 1:02:56]} Nxc5 {[%clk 0:50:00]} 10. Nge2
{[%clk 1:03:23]} Nfe4 {[%clk 0:36:20]} 11. O-O {[%clk 1:03:38]} Bf5
{[%clk 0:33:56]} 12. Bxe4 {[%clk 0:59:03]} dxe4 {[%clk 0:24:27]} 13. Ng3
{[%clk 0:51:34]} Bg6 {[%clk 0:24:18]} 14. Rfd1 {[%clk 0:49:51]} Qa5
{[%clk 0:23:14]} 15. Bd6 {[%clk 0:41:22]} Rfe8 {[%clk 0:20:43]} 16. Nd5
{[%clk 0:34:45]} Nd3 {[%clk 0:21:00]} 17. Nxb4 {[%clk 0:33:59]} Nxb4
{[%clk 0:21:25]} 18. Bxb4 {[%clk 0:28:15]} Qxb4 {[%clk 0:21:52]} 19. Rd4
{[%clk 0:27:40]} Qb6 {[%clk 0:20:36]} 20. Rad1 {[%clk 0:26:32]} Rac8
{[%clk 0:19:39]} 21. Qd2 {[%clk 0:24:41]} h6 {[%clk 0:18:25]} 22. h3
{[%clk 0:23:25]} Kh7 {[%clk 0:15:17]} 23. Rd5 {[%clk 0:17:58]} f6
{[%clk 0:13:34]} 24. h4 {[%clk 0:14:52]} Rc7 {[%clk 0:10:51]} 25. Rd7
{[%clk 0:11:01]} Rec8 {[%clk 0:09:17]} 26. h5 {[%clk 0:05:05]} Be8
{[%clk 0:08:06]} 27. Rxc7 {[%clk 0:05:12]} Qxc7 {[%clk 0:03:44]} 28. Qd5
{[%clk 0:04:16]} Bc6 {[%clk 0:03:05]} 29. Qf5+ {[%clk 0:04:40]} Kh8
{[%clk 0:03:27]} 30. Nxe4 {[%clk 0:03:22]} Rd8 {[%clk 0:03:48]} 31. Rxd8+
{[%clk 0:02:55]} Qxd8 {[%clk 0:04:16]} 32. Nc3 {[%clk 0:00:54]} Qd2
{[%clk 0:04:07]} 33. Qc8+ {[%clk 0:01:22]} Kh7 {[%clk 0:04:33]} 34. Qf5+
{[%clk 0:01:47]} Kh8 {[%clk 0:04:25]} 35. Qb1 {[%clk 0:01:29]} Be8
{[%clk 0:03:02]} 36. Ne4 {[%clk 0:00:45]} Qd5 {[%clk 0:02:44]} 37. Ng3
{[%clk 0:01:01]} Bxh5 {[%clk 0:03:03]} 38. Nxh5 {[%clk 0:00:39]} Qxh5
{[%clk 0:03:28]} 39. Qd3 {[%clk 0:00:42]} Qa5 {[%clk 0:03:00]} 40. Qc2
{[%clk 0:30:39]} Qd5 {[%clk 0:32:05]} 41. e4 {[%clk 0:23:13]} Qe6
{[%clk 0:29:39]} 42. b3 {[%clk 0:17:43]} b6 {[%clk 0:19:59]} 43. f3
{[%clk 0:15:09]} Qe5 {[%clk 0:15:32]} 44. Qc8+ {[%clk 0:14:07]} Kh7
{[%clk 0:15:57]} 45. Qd7 {[%clk 0:14:11]} a5 {[%clk 0:12:38]} 46. Qd8
{[%clk 0:13:00]} Qc5+ {[%clk 0:11:56]} 47. Kh2 {[%clk 0:13:29]} Qe5+
{[%clk 0:10:26]} 48. Kg1 {[%clk 0:13:27]} Qc5+ {[%clk 0:10:52]} 49. Kh2
{[%clk 0:13:54]} Qe5+ {[%clk 0:08:47]} 1/2-1/2

[Event "European Individual Chess Championship 2017"]
[Site "?"]
[Date "2017.05.31"]
[Round "2.60"]
[White "Gledura, Benjamin"]
[Black "Klekowski, Maciej"]
[Result "0-1"]
[BlackElo "2473"]
[WhiteElo "2602"]
[LiveChessVersion "1.4.8"]

1. d4 {[%clk 1:30:57]} Nf6 {[%clk 1:26:59]} 2. Nf3 {[%clk 1:31:21]} e6
{[%clk 1:27:15]} 3. g3 {[%clk 1:31:37]} b6 {[%clk 1:27:17]} 4. Bg2
{[%clk 1:31:46]} Bb7 {[%clk 1:27:40]} 5. c4 {[%clk 1:31:53]} Be7 {[%clk 1:28:02]}
6. O-O {[%clk 1:32:13]} O-O {[%clk 1:28:27]} 7. Re1 {[%clk 1:32:31]} d5
{[%clk 1:20:22]} 8. cxd5 {[%clk 1:32:31]} exd5 {[%clk 1:20:46]} 9. Nc3
{[%clk 1:32:28]} Nbd7 {[%clk 1:14:17]} 10. Bf4 {[%clk 1:31:39]} Ne4
{[%clk 1:00:47]} 11. Qc2 {[%clk 1:21:32]} Nxc3 {[%clk 0:41:45]} 12. bxc3
{[%clk 1:18:28]} Nf6 {[%clk 0:38:22]} 13. Ne5 {[%clk 1:13:02]} Qc8
{[%clk 0:36:14]} 14. Rac1 {[%clk 1:03:07]} c5 {[%clk 0:29:17]} 15. dxc5
{[%clk 0:59:13]} Bxc5 {[%clk 0:29:37]} 16. Nd3 {[%clk 0:55:30]} Ba3
{[%clk 0:28:12]} 17. Rcd1 {[%clk 0:55:24]} Ne4 {[%clk 0:27:02]} 18. Be5
{[%clk 0:54:10]} Qc4 {[%clk 0:21:08]} 19. Qb3 {[%clk 0:44:19]} Qxb3
{[%clk 0:20:06]} 20. axb3 {[%clk 0:44:38]} Rfe8 {[%clk 0:14:59]} 21. b4
{[%clk 0:40:39]} a5 {[%clk 0:10:32]} 22. Bd4 {[%clk 0:37:13]} axb4
{[%clk 0:09:57]} 23. cxb4 {[%clk 0:34:29]} Ba6 {[%clk 0:09:58]} 24. Ra1
{[%clk 0:26:57]} Bc4 {[%clk 0:06:49]} 25. Bxb6 {[%clk 0:18:08]} Nc3
{[%clk 0:07:03]} 26. Ba5 {[%clk 0:18:21]} Nb5 {[%clk 0:00:56]} 27. Bf3
{[%clk 0:15:36]} Ra6 {[%clk 0:00:44]} 28. Rad1 {[%clk 0:12:53]} Nd4
{[%clk 0:00:35]} 29. Nf4 {[%clk 0:08:21]} Nxf3+ {[%clk 0:00:56]} 30. exf3
{[%clk 0:08:44]} Rxe1+ {[%clk 0:00:44]} 31. Rxe1 {[%clk 0:09:14]} g6
{[%clk 0:00:34]} 32. Re8+ {[%clk 0:08:02]} Kg7 {[%clk 0:01:00]} 33. Rd8
{[%clk 0:08:25]} Bxb4 {[%clk 0:01:15]} 34. Bxb4 {[%clk 0:02:19]} Ra1+
{[%clk 0:01:39]} 35. Kg2 {[%clk 0:02:47]} Bf1+ {[%clk 0:02:04]} 0-1

[Event "European Individual Chess Championship 2017"]
[Site "?"]
[Date "2017.05.31"]
[Round "2.62"]
[White "Bok, Benjamin"]
[Black "Harutjunyan, Gevorg"]
[Result "1-0"]
[BlackElo "2472"]
[WhiteElo "2598"]
[LiveChessVersion "1.4.8"]

1. e4 {[%clk 1:30:54]} c6 {[%clk 1:30:52]} 2. d4 {[%clk 1:31:10]} d5
{[%clk 1:31:14]} 3. e5 {[%clk 1:31:30]} Bf5 {[%clk 1:31:33]} 4. Nf3
{[%clk 1:31:53]} e6 {[%clk 1:31:54]} 5. Be2 {[%clk 1:32:19]} Ne7 {[%clk 1:31:46]}
6. O-O {[%clk 1:32:21]} h6 {[%clk 1:31:51]} 7. Nbd2 {[%clk 1:32:00]} Nd7
{[%clk 1:31:58]} 8. c3 {[%clk 1:32:06]} Qc7 {[%clk 1:31:01]} 9. Re1
{[%clk 1:32:09]} g5 {[%clk 1:27:05]} 10. Nf1 {[%clk 1:30:49]} Bg7
{[%clk 1:11:41]} 11. Ng3 {[%clk 1:30:07]} Bg6 {[%clk 1:09:55]} 12. Bd3
{[%clk 1:27:53]} c5 {[%clk 0:58:46]} 13. b3 {[%clk 1:07:28]} Rc8 {[%clk 0:50:09]}
14. Be3 {[%clk 1:02:22]} O-O {[%clk 0:44:12]} 15. h4 {[%clk 0:55:04]} g4
{[%clk 0:37:43]} 16. Nh2 {[%clk 0:54:38]} h5 {[%clk 0:37:07]} 17. Bg5
{[%clk 0:50:53]} Nc6 {[%clk 0:30:30]} 18. Bxg6 {[%clk 0:47:07]} fxg6
{[%clk 0:30:51]} 19. Qd3 {[%clk 0:46:45]} cxd4 {[%clk 0:27:53]} 20. cxd4
{[%clk 0:44:53]} Kh7 {[%clk 0:23:40]} 21. Nxh5 {[%clk 0:30:06]} Nb4
{[%clk 0:11:22]} 22. Qd2 {[%clk 0:27:29]} Qb6 {[%clk 0:05:22]} 23. Nf6+
{[%clk 0:21:39]} Bxf6 {[%clk 0:03:09]} 24. Bxf6 {[%clk 0:18:39]} g3
{[%clk 0:00:40]} 25. Ng4 {[%clk 0:13:50]} gxf2+ {[%clk 0:00:35]} 26. Kh2
{[%clk 0:13:34]} Kg8 {[%clk 0:00:32]} 27. Qh6 {[%clk 0:13:16]} Rxf6
{[%clk 0:00:32]} 28. Nxf6+ {[%clk 0:09:25]} Nxf6 {[%clk 0:00:53]} 29. Qxg6+
{[%clk 0:09:45]} Kf8 {[%clk 0:00:59]} 30. Qxf6+ {[%clk 0:09:51]} Ke8
{[%clk 0:01:16]} 31. Rf1 {[%clk 0:06:47]} 1-0

[Event "European Individual Chess Championship 2017"]
[Site "?"]
[Date "2017.05.31"]
[Round "2.63"]
[White "Santos Ruiz, Miguel"]
[Black "Fedorov, Alexei"]
[Result "1/2-1/2"]
[BlackElo "2598"]
[WhiteElo "2473"]
[LiveChessVersion "1.4.8"]

1. e4 {[%clk 1:30:47]} c5 {[%clk 1:30:43]} 2. Nf3 {[%clk 1:31:13]} Nc6
{[%clk 1:31:01]} 3. d4 {[%clk 1:31:37]} cxd4 {[%clk 1:31:26]} 4. Nxd4
{[%clk 1:32:03]} e5 {[%clk 1:31:30]} 5. Nb5 {[%clk 1:32:26]} d6 {[%clk 1:31:55]}
6. c4 {[%clk 1:32:48]} Be7 {[%clk 1:32:01]} 7. N1c3 {[%clk 1:33:09]} a6
{[%clk 1:32:23]} 8. Na3 {[%clk 1:33:33]} f5 {[%clk 1:32:27]} 9. exf5
{[%clk 1:33:53]} Bxf5 {[%clk 1:32:52]} 10. Nc2 {[%clk 1:34:15]} Nf6
{[%clk 1:32:18]} 11. Ne3 {[%clk 1:34:27]} Be6 {[%clk 1:32:26]} 12. g3
{[%clk 1:34:46]} Nd4 {[%clk 1:31:59]} 13. Bg2 {[%clk 1:34:58]} b5
{[%clk 1:32:18]} 14. cxb5 {[%clk 1:34:51]} axb5 {[%clk 1:32:43]} 15. O-O
{[%clk 1:34:33]} O-O {[%clk 1:24:58]} 16. Ncd5 {[%clk 1:31:02]} Rc8
{[%clk 1:18:55]} 17. Bd2 {[%clk 1:21:34]} Kh8 {[%clk 1:14:07]} 18. Bc3
{[%clk 0:58:53]} Nf5 {[%clk 1:07:19]} 19. Nxf5 {[%clk 0:57:17]} Bxf5
{[%clk 1:05:56]} 20. Nxe7 {[%clk 0:46:14]} Qxe7 {[%clk 1:06:19]} 21. Bb4
{[%clk 0:46:41]} Rfd8 {[%clk 1:03:18]} 22. Qe2 {[%clk 0:39:26]} Rc4
{[%clk 0:52:28]} 23. a3 {[%clk 0:37:14]} Qe8 {[%clk 0:40:49]} 24. Rfe1
{[%clk 0:24:10]} Rc2 {[%clk 0:33:41]} 25. Qf3 {[%clk 0:23:20]} Qg6
{[%clk 0:32:25]} 26. Qb7 {[%clk 0:19:14]} Ng4 {[%clk 0:27:39]} 27. Qe7
{[%clk 0:15:03]} Rdc8 {[%clk 0:21:29]} 28. Qxd6 {[%clk 0:11:59]} Qh5
{[%clk 0:20:05]} 29. h4 {[%clk 0:10:03]} Nxf2 {[%clk 0:18:33]} 30. Rxe5
{[%clk 0:07:21]} Nh3+ {[%clk 0:07:42]} 31. Bxh3 {[%clk 0:07:39]} Qf3
{[%clk 0:07:57]} 32. Rxf5 {[%clk 0:08:04]} Qe3+ {[%clk 0:05:52]} 33. Kh1
{[%clk 0:08:29]} Qe4+ {[%clk 0:06:17]} 34. Kg1 {[%clk 0:08:56]} Qe3+
{[%clk 0:06:42]} 1/2-1/2

[Event "European Individual Chess Championship 2017"]
[Site "?"]
[Date "2017.05.31"]
[Round "2.64"]
[White "Neverov, Valeriy"]
[Black "Kulaots, Kaido"]
[Result "1/2-1/2"]
[BlackElo "2597"]
[WhiteElo "2472"]
[LiveChessVersion "1.4.8"]

1. d4 {[%clk 1:30:57]} Nf6 {[%clk 1:30:38]} 2. c4 {[%clk 1:31:18]} g6
{[%clk 1:31:02]} 3. Nc3 {[%clk 1:30:34]} d5 {[%clk 1:31:15]} 4. cxd5
{[%clk 1:30:51]} Nxd5 {[%clk 1:31:41]} 5. e4 {[%clk 1:31:10]} Nxc3
{[%clk 1:32:05]} 6. bxc3 {[%clk 1:31:38]} Bg7 {[%clk 1:32:25]} 7. Be3
{[%clk 1:30:48]} c5 {[%clk 1:31:55]} 8. Nf3 {[%clk 1:30:34]} Qa5 {[%clk 1:32:01]}
9. Qd2 {[%clk 1:30:53]} O-O {[%clk 1:32:11]} 10. Rc1 {[%clk 1:29:54]} Nd7
{[%clk 1:31:57]} 11. Bd3 {[%clk 1:06:14]} e5 {[%clk 1:31:27]} 12. d5
{[%clk 1:00:00]} f5 {[%clk 1:31:16]} 13. Bg5 {[%clk 0:56:01]} c4 {[%clk 1:28:41]}
14. Bxc4 {[%clk 0:53:41]} fxe4 {[%clk 1:28:39]} 15. d6+ {[%clk 0:48:44]} Kh8
{[%clk 1:28:44]} 16. Nh4 {[%clk 0:48:22]} Qc5 {[%clk 1:10:32]} 17. Bb3
{[%clk 0:45:30]} Nf6 {[%clk 1:09:39]} 18. O-O {[%clk 0:40:33]} Bd7
{[%clk 1:06:03]} 19. Be3 {[%clk 0:35:39]} Qc8 {[%clk 0:58:44]} 20. c4
{[%clk 0:33:12]} Bc6 {[%clk 0:58:50]} 21. h3 {[%clk 0:32:21]} Nh5
{[%clk 0:58:18]} 22. g4 {[%clk 0:20:50]} Nf4 {[%clk 0:58:01]} 23. Kh2
{[%clk 0:21:15]} Ne6 {[%clk 0:46:30]} 24. c5 {[%clk 0:16:20]} Nd4
{[%clk 0:46:36]} 25. Rc4 {[%clk 0:15:43]} Qd7 {[%clk 0:33:52]} 26. Rxd4
{[%clk 0:13:47]} exd4 {[%clk 0:34:15]} 27. Bxd4 {[%clk 0:14:12]} Bxd4
{[%clk 0:33:36]} 28. Qxd4+ {[%clk 0:14:33]} Qg7 {[%clk 0:34:02]} 29. Qxg7+
{[%clk 0:10:45]} Kxg7 {[%clk 0:34:27]} 30. Kg1 {[%clk 0:10:44]} e3
{[%clk 0:32:44]} 31. f4 {[%clk 0:01:23]} e2 {[%clk 0:20:50]} 32. Re1
{[%clk 0:01:48]} Rxf4 {[%clk 0:20:04]} 33. Rxe2 {[%clk 0:02:12]} Re8
{[%clk 0:20:04]} 34. Ng2 {[%clk 0:00:34]} Rfe4 {[%clk 0:17:07]} 35. Rd2
{[%clk 0:00:34]} g5 {[%clk 0:16:27]} 36. Bd5 {[%clk 0:00:33]} R4e5
{[%clk 0:16:03]} 37. Bxc6 {[%clk 0:00:41]} bxc6 {[%clk 0:16:29]} 38. Rc2
{[%clk 0:00:32]} Kf7 {[%clk 0:11:59]} 39. Kf2 {[%clk 0:00:36]} R8e6
{[%clk 0:12:14]} 40. Rc3 {[%clk 0:30:32]} Rf6+ {[%clk 0:34:43]} 41. Kg3
{[%clk 0:26:38]} Ke6 {[%clk 0:34:02]} 42. h4 {[%clk 0:11:06]} h6 {[%clk 0:22:57]}
43. h5 {[%clk 0:11:32]} a5 {[%clk 0:07:55]} 44. Ne3 {[%clk 0:09:50]} a4
{[%clk 0:07:07]} 45. Nf5 {[%clk 0:09:36]} Kd7 {[%clk 0:07:05]} 46. Rc4
{[%clk 0:07:56]} a3 {[%clk 0:05:23]} 47. Rc3 {[%clk 0:08:01]} Rfxf5
{[%clk 0:03:22]} 48. gxf5 {[%clk 0:08:11]} Rxf5 {[%clk 0:03:48]} 49. Kg4
{[%clk 0:04:20]} 1/2-1/2